Name Every Kpop Group Member (2025+Old Groups) - Statistics

General Stats
  • This quiz has been taken 1,010 times
    911 since last reset
  • The average score is 214 of 495
Answer Stats
Group Answer % Correct
StayC J
99%
Seventeen Jun
97%
&TEAM K
96%
BTS V
96%
BTS RM
95%
Stray Kids Han
94%
Stray Kids I.N
94%
Blackpink Jennie
94%
Blackpink Jisoo
94%
BTS Jungkook
94%
Blackpink Lisa
94%
Blackpink Rose
94%
Everglow E:U
93%
BTS | Class:y Jimin
93%
BTS Jin
93%
Stray Kids Felix
92%
BTS J-Hope
92%
BTS Suga
92%
Stray Kids Bangchan
91%
&TEAM Jo
91%
Ateez San
90%
Exo Chen
89%
Enhypen Ni-ki
89%
Aespa Winter
89%
Hearts2Hearts A-na
88%
iKON Chan
88%
Loona | Stray Kids Hyunjin
88%
Aespa Karina
87%
Aespa Ningning
86%
IZ*ONE | Le Sserafim Sakura
86%
Aespa Giselle
85%
IVE | IZ*ONE Wonyoung
85%
Stray Kids Changbin
84%
TXT Huening Kai
84%
Enhypen | iKON Jay
84%
Twice Momo
84%
Class:y | IZ*ONE | Le Sserafim | TripleS, Glow Chaewon
83%
Stray Kids Leeknow
83%
Twice Nayeon
83%
Hearts2Hearts Ye-on
83%
Le Sserafim Yunjin
83%
ITZY Yuna
82%
Le Sserafim Eunchae
81%
Enhypen Jake
81%
Exo Kai
81%
Le Sserafim Kazuha
81%
Twice Sana
81%
Twice Mina
80%
Stray Kids Seungmin
80%
ITZY Yeji
80%
Newjeans Danielle
79%
Twice Jihyo
79%
Enhypen Heeseung
78%
Boynextdoor Sungho
78%
Enhypen Sunoo
78%
Twice Tzuyu
78%
CLC | IVE | IZ*ONE | +2 others Yujin
78%
ITZY Lia
77%
IVE Liz
77%
TXT | WJSN Soobin
77%
Enhypen Sunghoon
77%
I-DLE Minnie
76%
ITZY Ryujin
76%
TXT Yeonjun
76%
Fromis_9 | Twice Chaeyoung
75%
Newjeans Hanni
75%
Enhypen Jungwon
75%
NMIXX Lily
75%
I-DLE Soyeon
75%
TripleS, LOVElution, Aria | Twice Dahyun
74%
Bigbang G-Dragon
74%
Loona Olivia Hye
74%
IVE Rei
74%
TXT Taehyun
74%
I-DLE Yuqi
74%
Illit Wonhee
73%
TXT Beomgyu
72%
Seventeen Hoshi
72%
Red Velvet Irene
72%
Twice Jeongyeon
72%
Got7 | NCT 127 | NCT Dream Mark
72%
Newjeans Minji
71%
I-DLE Shuhua
71%
Seventeen The8
71%
Baby Monster Asa
70%
ITZY Chaeryeong
70%
Seventeen Dino
70%
IVE Gaeul
70%
Newjeans Haerin
70%
Red Velvet Joy
70%
IVE Leeseo
70%
I-DLE Miyeon
70%
Seventeen Scoups
70%
Red Velvet Seulgi
70%
Bigbang T.O.P
70%
Seventeen Vernon
70%
Baby Monster Ahyeon
69%
NMIXX Bae
69%
Baby Monster Chiquita
69%
Illit Moka
69%
Red Velvet Wendy
69%
Seventeen | iKON DK
68%
Mamamoo Hwasa
68%
Seventeen Mingyu
68%
Newjeans Hyein
67%
Hearts2Hearts | KARD | NMIXX | TripleS, +(KR)ystal Eyes, ACID EYES, EVOlution, Aria Jiwoo
67%
Seventeen Joshua
67%
Illit Iroha
66%
P1harmony Keeho
66%
IZ*ONE | Illit Minju
66%
ALLDAY PROJECT Tarzzan
65%
Seventeen Woozi
65%
Exo D.O
64%
Ateez Mingi
64%
Seventeen Seungkwan
64%
Kiss of Life Natty
63%
Illit Yunah
63%
Astro Moonbin
62%
Baby Monster Pharita
62%
Baby Monster Ruka
62%
Red Velvet Yeri
62%
Kiss of Life Julie
61%
Baby Monster Rami
61%
Shinee Taemin
61%
Got7 Bambam
60%
Boynextdoor | NCT 127 Jaehyun
60%
Baby Monster Rora
60%
Seventeen Wonwoo
60%
Ateez Wooyoung
60%
Got7 Jackson
59%
Kiss of Life Belle
58%
Bigbang | SF9 Taeyang
58%
2NE1 CL
57%
NMIXX Haewon
57%
Seventeen Jeonghan
57%
NMIXX Sullyoon
57%
Mamamoo Solar
56%
P1harmony Soul
56%
StayC | Winner Yoon
56%
ALLDAY PROJECT Annie
55%
Astro Eunwoo
55%
Shinee Key
55%
Wayv Ten
55%
Ateez Hongjoong
54%
Shinee Minho
54%
Zerobaseone Ricky
54%
Girls Generation | IZ*ONE Yuri
54%
Loona Chuu
52%
Bigbang Daeseung
52%
P1harmony Intak
52%
Dreamcatcher JiU
52%
Ateez Jongho
52%
Ateez Seonghwa
52%
NCT 127 Taeyong
52%
ALLDAY PROJECT Bailey
51%
Fromis_9 Jisun
51%
NCT 127 Johnny
51%
NMIXX Kyujin
51%
Ateez Yunho
51%
NCT 127 Yuta
51%
Mamamoo Moonbyul
50%
P1harmony Theo
50%
Ateez Yeosang
50%
Riize Anton
49%
2NE1 Bom
49%
NCT 127 | Treasure Doyoung
49%
NCT 127 | NCT Dream Haechan
49%
MEOVV Ella
48%
Kiss of Life Haneul
48%
NCT Dream Jisung
48%
Boynextdoor Leehan
48%
Wayv Winwin
48%
Pentagon Yeo One
48%
NCT Dream Chenle
47%
Zerobaseone Hanbin
47%
Monsta X I.M
47%
Shinee Jonghyun
47%
ALLDAY PROJECT Woochan
47%
ALLDAY PROJECT Youngseo
47%
Exo Baekhyun
46%
Kepler Bahiyyih
46%
NCT Dream Jeno
46%
P1harmony Jongseob
46%
Zerobaseone Matthew
46%
Shinee Onew
46%
Girls Generation Taeyeon
46%
Riize Wonbin
46%
Zerobaseone Zhanghao
46%
MEOVV Anna
45%
IZ*ONE | TripleS, +(KR)ystal Eyes, ACID EYES, EVOlution, Aria Chaeyeon
45%
NCT Dream Jaemin
45%
P1harmony Jiung
45%
NCT 127 Jungwoo
45%
Riize Shotaro
45%
Exo Suho
45%
Wayv Yangyang
45%
Boynextdoor Riwoo
44%
Mamamoo Wheein
44%
Wayv Xiaojun
44%
IZ*ONE Yena
44%
KARD BM
43%
NCT Dream Renjun
43%
Boynextdoor Taesan
43%
Girls Generation Tiffany
43%
Girls Generation | UNIS Yoona
43%
Wayv Hendery
42%
Boynextdoor Woonhak
42%
Loona Yves
42%
Exo Chanyeol
41%
Wayv Kun
41%
NCT Wish Sakuya
41%
Riize Sohee
41%
IZ*ONE Eunbi
40%
Zerobaseone Gyuvin
40%
&TEAM Maki
40%
Billlie Moon Sua
40%
Exo Sehun
40%
Riize Sungchan
40%
Kepler Xiaoting
40%
Exo Xiumin
40%
Got7 | TWS Youngjae
40%
Zerobaseone Gunwook
39%
NCT Wish Riku
39%
Badvillain Hu'e
38%
Girls Generation Jessica
38%
Got7 Jinyoung
38%
Exo Lay
38%
Zerobaseone Taerae
38%
&TEAM Taki
38%
Zerobaseone Jiwoong
37%
NCT Wish Sion
37%
Girls Generation Sunny
37%
Kepler Hikaru
36%
TWS | Treasure Jihoon
36%
Baby DONT Cry | Everglow Mia
36%
The Boyz Q
36%
Loona Kim Lip
35%
&TEAM Nicholas
35%
StayC Sieun
35%
Billlie Tsuki
35%
2NE1 Dara
34%
The Boyz Eric
34%
WJSN Eunseo
34%
StayC Isa
34%
NCT Wish Ryo
34%
StayC Seeun
34%
NCT Wish Yushi
34%
Hearts2Hearts Carmen
33%
Got7 JB
33%
Riize Eunseok
32%
NCT Wish Jaehee
32%
Astro MJ
32%
Loona Vivi
32%
Got7 Yugyeom
32%
Loona Choerry
31%
&TEAM Fuma
31%
Treasure Haruto
31%
IZ*ONE Hitomi
31%
Girls Generation Hyoyeon
31%
BtoB | Monsta X Minhyuk
31%
Everglow Aisha
30%
Kepler Dayeon
30%
&TEAM EJ
30%
Hearts2Hearts Ian
30%
Treasure Yoshi
30%
iKON Bobby
29%
IZ*ONE Nako
29%
Astro Rocky
29%
Astro Sanha
29%
Monsta X Shownu
29%
StayC Sumin
29%
The Boyz Sunwoo
29%
&TEAM Yuma
29%
Dreamcatcher Dami
28%
&TEAM Harua
28%
Monsta X Joohoney
28%
The Boyz Kevin
28%
Everglow Onda
28%
Gfriend SinB
28%
Hearts2Hearts Stella
28%
Treasure Asahi
27%
TWS Dohoon
27%
Gfriend Eunha
27%
IZ*ONE Hyewon
27%
Astro Jinjin
27%
KARD J.Seph
27%
Girls Generation Sooyoung
27%
Everglow Yiren
27%
Kepler Chaehyun
26%
MEOVV Gawon
26%
UNIS Gehlee
26%
Loona Heejin
26%
Pentagon Hui
26%
Monsta X Hyungwon
26%
Loona Jinsoul
26%
MEOVV Narin
26%
BtoB Peniel
26%
TWS Shinyu
26%
KARD Somin
26%
Dreamcatcher SuA
26%
Gfriend Umji
26%
Loona Gowon
25%
TWS Kyungmin
25%
Izna Mai
25%
Orange Caramel | UNIS Nana
25%
MOMOLAND Nancy
25%
Girls Generation Seohyun
25%
MEOVV Sooin
25%
Loona Haseul
24%
Izna Jeemin
24%
Treasure Hyunsuk
23%
The Boyz Jacob
23%
Monsta X Kihyun
23%
Izna Koko
23%
The Boyz New
23%
Everglow Sihyeon
23%
Loona Yeojin
23%
Gfriend Yuju
23%
Ohmygirl Arin
22%
Badvillain Emma
22%
CRAVITY Taeyoung
22%
TWS Hanjin
21%
Winner Mino
21%
Gfriend Sowon
21%
Gfriend Yerin
21%
Kepler Youngeun
21%
BtoB Eunkwang
20%
Fromis_9 Jiwon
20%
Izna Sarang
20%
UNIS Seowon
20%
Dreamcatcher Siyeon
20%
CLC Sorn
20%
WJSN Dayoung
19%
TripleS, AAA, ACID EYES, LOVElution HyeRin
19%
The Boyz Hyunjae
19%
Treasure Jeongwoo
19%
Izna Jungeun
19%
Hearts2Hearts Juun
19%
The Boyz Juyeon
19%
Izna Saebi
19%
Fromis_9 | TripleS, +(KR)ystal Eyes, ACID EYES,LOVElution Seoyeon
19%
Apink | Fromis_9 Hayoung
18%
Izna Jiyoon
18%
UNIS Kotoko
18%
The Boyz Sangyeon
18%
CRAVITY Seongmin
18%
The Boyz Younghoon
18%
Hearts2Hearts Yuha
18%
Treasure Jaehyuk
17%
Treasure Junghwan
17%
Treasure Junkyu
17%
iKON Song
17%
Ohmygirl YooA
17%
UNIS Yunha
17%
Apink Bomi
16%
BtoB Changsub
16%
Badvillain Chloe
16%
Dreamcatcher Gahyun
16%
Dreamcatcher Handong
16%
Fromis_9 Jiheon
16%
MOMOLAND JooE
16%
Ohmygirl Mimi
16%
Fromis_9 Saerom
16%
TripleS, LOVElution Xinyu
16%
Pentagon Yuto
16%
CRAVITY Allen
15%
UNIS Elisia
15%
Apink Eunji
15%
The Boyz Juhaknyeon
15%
iKON Ju-ne
15%
Pentagon Kino
15%
TripleS, AAA, Acid Eyes,EVOlution Nakyoung
15%
CRAVITY Serim
15%
BtoB Sungjae
15%
CRAVITY Woobin
15%
Pentagon Wooseok
15%
WJSN Bona
14%
SF9 Chani
14%
Billlie Haram
14%
Billlie Haruna
14%
CRAVITY Hyeongjun
14%
CRAVITY Minhee
14%
Apink Namjoo
14%
CLC | Ohmygirl Seunghee
14%
TripleS, LOVElution SoHyun
14%
TripleS, EVOlution YeonJi
14%
Dreamcatcher Yoohyeon
14%
Ohmygirl Yubin
14%
TripleS, AAA, ACID EYES, LOVElution YuBin
14%
SF9 | WJSN Dawon
13%
WJSN Exy
13%
Class:y Hyeju
13%
TripleS, EVOlution Kotone
13%
Pentagon Yanan
13%
Apink Chorong
12%
TripleS, NXT HaYeon
12%
Pentagon Hongseok
12%
UNIS Hyeonju
12%
BtoB Hyunsik
12%
Pentagon Jinho
12%
Winner Jinu
12%
CRAVITY Jungmo
12%
TripleS, LOVElution, Aria Nien
12%
TripleS, +(KR)ystal Eyes, ACID EYES, EVOlution Soomin
12%
CRAVITY Wonjin
12%
TripleS, LOVElution, Aria Kaede
11%
TripleS, NXT Lynn
11%
WJSN Seola
11%
Billlie Siyoon
11%
TripleS, Glow Sullin
11%
TripleS, AAA, Acid Eyes,EVOlution Yooyeon
11%
CLC Elkie
10%
CLC Eunbin
10%
Ohmygirl Hyojung
10%
TripleS, Glow Jiyeon
10%
TripleS, NXT Joobin
10%
Badvillain Kelly
10%
Orange Caramel Lizzy
10%
TripleS, EVOlution Mayu
10%
TripleS, Glow SeoAh
10%
TripleS, NXT ShiOn
10%
Billlie Suhyeon
10%
Badvillain Vin
10%
MOMOLAND Ahin
9%
Badvillain Ina
9%
WJSN Luda
9%
Victon Seungwoo
9%
CLC Seungyeon
9%
Pentagon Shinwon
9%
CLC Yeeun
9%
WJSN Yeoreum
9%
SF9 Zuho
9%
Baby DONT Cry Beni
8%
Victon Hanse
8%
Winner Hoony
8%
SF9 Hwiyoung
8%
SF9 Inseong
8%
MOMOLAND Jane
8%
Baby DONT Cry Kumi
8%
MOMOLAND Nayun
8%
Orange Caramel Raina
8%
Victon Subin
8%
WJSN Yeonjung
8%
Badvillain Yunseo
8%
Class:y Boeun
7%
Victon Byungchan
7%
MOMOLAND Hyebin
7%
Fromis_9 Nakyung
7%
Class:y Riwon
7%
Victon Sejun
7%
Victon Seungsik
7%
Baby DONT Cry Yihyun
7%
SF9 Youngbin
7%
Class:y Hyungseo
6%
SF9 Jaeyoon
6%
Class:y Seonyou
6%
No matching quizzes found
Score Distribution
Percent of People with Each Score
Percentile by Number Answered
Your Score History
You have not taken this quiz since the last reset